Top 100 Biggest Cities in Countries that Start with V-Z - Statistics

General Stats
  • This quiz has been taken 155 times
  • The average score is 19 of 100
Answers on the Map
Answers color-coded by a green-red scale on the quiz's map according to % correct below.
 
Answer Stats
Country City Population % Correct
Venezuela Caracas 2,087,700
99%
Vietnam Hanoi 3,605,364
98%
Yemen Sana'a 1,707,531
95%
Vietnam Ho Chi Minh City 7,004,921
94%
Zimbabwe Harare 1,485,231
90%
Zambia Lusaka 2,627,700
90%
Venezuela Maracaibo 2,262,600
73%
Yemen Aden 588,938
69%
Vietnam Da Nang 988,561
68%
Venezuela Valencia 1,585,500
60%
Venezuela Barquisimeto 1,089,100
45%
Zimbabwe Bulawayo 653,337
41%
Vietnam Hai Phong 841,520
40%
Venezuela Maracay 464,700
40%
Vietnam Can Tho 812,088
35%
Vietnam Hue 351,456
33%
Venezuela Ciudad Guayana 893,400
31%
Zambia Kitwe 715,200
31%
Venezuela Ciudad Bolívar 425,000
30%
Venezuela Barcelona 454,200
28%
Zambia Livingstone 178,200
28%
Yemen Taiz 466,968
27%
Vietnam Ha Long 270,054
22%
Yemen Al Hudaydah 409,994
21%
Zambia Ndola 574,400
20%
Yemen Ibb 212,992
19%
Venezuela Mérida 289,800
18%
Venezuela San Cristóbal 284,600
18%
Vietnam Nha Trang 285,788
17%
Vietnam Vinh 230,439
16%
Vietnam Bien Hoa 830,829
15%
Yemen Al-Mukalla 182,478
14%
Venezuela Barinas 356,800
14%
Venezuela Cumaná 384,900
14%
Zambia Kabwe 234,100
14%
Venezuela Maturín 508,200
14%
Zimbabwe Mutare 186,208
14%
Vietnam Da Lat 202,124
13%
Vietnam Thai Nguyen 249,004
12%
Venezuela Cabimas 299,700
11%
Zimbabwe Gweru 154,825
11%
Venezuela San Juan de los Morros 151,600
11%
Vietnam Vung Tau 341,552
11%
Zambia Chingola 245,300
10%
Zimbabwe Chitungwiza 356,840
10%
Venezuela Coro 231,600
10%
Venezuela El Tigre 215,800
10%
Zambia Kasama 134,600
10%
Vietnam Long Xuyen 239,588
10%
Venezuela Puerto La Cruz 299,500
10%
Vietnam Thanh Hoa 249,012
10%
Zambia Chipata 141,800
9%
Venezuela Los Teques 230,800
9%
Venezuela Acarigua-Araure 356,700
8%
Vietnam Buon Ma Thuot 245,951
8%
Yemen Dhamar 146,346
8%
Zimbabwe Epworth 167,462
8%
Venezuela Guanare 175,400
8%
Venezuela Guatire 180,500
8%
Vietnam Pleiku 191,684
8%
Venezuela Punto Fijo 154,100
8%
Venezuela San Fernando de Apure 166,400
8%
Venezuela Carúpano 159,300
7%
Zambia Luanshya 147,400
7%
Zambia Mufulira 182,400
7%
Vietnam Nam Dinh 179,229
7%
Vietnam Phan Thiet 194,197
7%
Venezuela Puerto Cabello 191,000
7%
Vietnam Rach Gia 211,351
7%
Vietnam Soc Trang 137,305
7%
Vietnam Thu Dau Mot 321,607
7%
Vietnam Viet Tri 140,935
7%
Venezuela Anaco 138,700
6%
Vietnam Bac Ninh 200,285
6%
Venezuela Cagua 136,400
6%
Venezuela Calabozo 155,200
6%
Vietnam Ca Mau 143,341
6%
Vietnam Cam Pha 182,137
6%
Vietnam Hai Duong 215,593
6%
Venezuela Petare 441,700
6%
Vietnam Phan Rang-Thap Cham 157,942
6%
Vietnam Quang Ngai 129,139
6%
Venezuela San Felipe 174,300
6%
Vietnam Thuan An 588,616
6%
Venezuela Valera 165,500
6%
Venezuela Cabudare 200,000
5%
Venezuela Ciudad Ojeda 153,400
5%
Vietnam Di An 474,681
5%
Venezuela Turmero 379,500
5%
Venezuela Guarenas 244,600
4%
Vietnam Tan Uyen 251,694
4%
Vietnam Ben Cat 231,852
3%
Venezuela Charallave 145,500
3%
Venezuela Cúa 165,600
3%
Venezuela Guacara 196,400
3%
Venezuela Valle de la Pascua 136,400
3%
Venezuela Baruta 309,400
2%
Venezuela Catia La Mar 141,900
2%
Vietnam Chi Linh 142,851
2%
Vietnam Qui Nhom 263,892
2%
No matching quizzes found
Score Distribution
Percent of People with Each Score
Percentile by Number Answered
Your Score History
You have not taken this quiz